História, vplyv a budúcnosť derivátov na finančnom a kapitálovom trhu bakalárska práca

Na minha lista:
Detalhes bibliográficos
Autor principal: Magulák, Leonard
Autor Corporativo: Národohospodárska fakulta EU. Katedra bankovníctva a medzinárodných financií
Outros Autores: Šturc, Boris, 1961-
Formato: Livro
Idioma:eslovaco
Publicado em: Bratislava 2024
Tags: Adicionar Tag
Sem tags, seja o primeiro a adicionar uma tag!

MARC

LEADER 00000nbm a2200000 4500
001 0301546
005 20241024113214.8
041 0 |a slo 
044 |a SK 
245 1 0 |a História, vplyv a budúcnosť derivátov na finančnom a kapitálovom trhu  |b bakalárska práca  |c Leonard Magulák ; školiteľ: Boris Šturc 
264 1 |a Bratislava  |c 2024 
300 |a 61 s. 
100 1 |a Magulák, Leonard 
700 1 |a Šturc, Boris, 1961- 
710 2 |a Národohospodárska fakulta EU. Katedra bankovníctva a medzinárodných financií